00890nam a2200217 a 450000100060000000300080000600500170001400800410003103500190007204000350009104100080012608200310013410000170016524501710018226000690035330000380042250200750046050400350053565000560057070000460062683262BD-RjUL20240307111753.0240307s2022 bg a|||| m||| 00| 0 eng d a(BD-RjUL)83262 aBD-RjULbengcBD-RjULdBD-RjUL aeng 223a332.12095492bRAF 2022 aRana, Shohel10aFinancial Performance and Efficiency of Conventional and Islamic Commercial Banks in Bangladesh /cResearcher Shohel Rana ;6Supervisor : Abu Sadeque, Md. Kamruzzamzn aRajshahi :bDepartment of Finance, University of Rajshahi,c2022 axvi, 211 Leaves :bill, ;c29 cm. aThesis (Ph. D.) -- Department of Finance, University of Rajshahi, 2022 aBibliography : Leaves 135-149  aCommercial BanksvFinancial PerformancezBangladesh aSadeque, Abu, Kamruzzamzn, Md. Supervisor